Rime / (Record no. 183394)

MARC details
000 -LEADER
campo de control de longitud fija 00671nam a2200205 i 4500
001 - NÚMERO DE CONTROL
campo de control 183394
003 - IDENTIFICADOR DE NÚMERO DE CONTROL
campo de control ES-MaACL
005 - FECHA Y HORA DE LA ÚLTIMA TRANSACCIÓN
campo de control 20250815070156.0
008 - DATOS DE LONGITUD FIJA--INFORMACIÓN GENERAL
campo de control de longitud fija 140414s1912 it | |||| ||ita d
100 1# - ENTRADA PRINCIPAL--NOMBRE DE PERSONA
Nombre de persona Guidiccioni, Giovanni (
Fechas asociadas al nombre 1500-1541)
9 (RLIN) 154704
245 10 - MENCIÓN DEL TÍTULO
Título Rime /
Mención de responsabilidad, etc. G. Guidiccioni ; F. Coppetta Beccutti ; a cura di Ezio Chiorboli.
260 ## - PUBLICACIÓN, DISTRIBUCIÓN, ETC.
Lugar de publicación, distribución, etc. Bari :
Nombre del editor, distribuidor, etc. Gius. Laterza & Figli,
Fecha de publicación, distribución, etc. 1912.
300 ## - DESCRIPCIÓN FÍSICA
Extensión 363 p. ;
Dimensiones 21 cm.
490 1# - MENCIÓN DE SERIE
Mención de serie Scrittori d'Italia ;
Designación de volumen o secuencia 35
700 1# - ENTRADA AGREGADA--NOMBRE PERSONAL
Nombre de persona Beccuti, Francesco (
Fechas asociadas al nombre 1509-1553)
9 (RLIN) 154705
700 1# - ENTRADA AGREGADA--NOMBRE PERSONAL
Nombre de persona Chiorboli, Ezio.
9 (RLIN) 154706
830 00 - PUNTO DE ACCESO ADICIONAL DE SERIE-TÍTULO UNIFORME
Título uniforme Scrittori d'Italia
Designación de volumen o secuencia 35
9 (RLIN) 191925
852 ## - LOCALIZACIÓN
Ubicación ES-MaACL
Número de control de estantería G-3736
Holdings
Estatus retirado Estado de pérdida Estado de daño No para préstamo Biblioteca de origen Biblioteca actual Ubicación en estantería Fecha de adquisición Fuente de adquisición Total de préstamos Signatura topográfica completa Código de barras Visto por última vez Precio de reemplazo Tipo de ítem Koha
        Biblioteca del Ateneo de Madrid Biblioteca del Ateneo de Madrid Depósito 2 14/04/2014     G-3736 1192763 23/02/2023 23/02/2023 Libro impreso